| 000 | 00401nam a22001697a 4500 | ||
|---|---|---|---|
| 005 | 20160625170842.0 | ||
| 008 | 160625b xxu||||| |||| 00| 0 eng d | ||
| 020 | _a81-921404-0-7 | ||
| 041 | _aeng | ||
| 082 | _b10254 | ||
| 100 |
_aChaltopadya, Tapan Kera _92831 |
||
| 245 | _aAadhunik Bangla Safitayaz Itihas | ||
| 260 | _bPragaya Vikas | ||
| 300 | _a1390 | ||
| 650 |
_aBangla _92816 |
||
| 942 | _cBK | ||
| 999 |
_c4093 _d4092 |
||